Lanean...

The underdevelopment of development : essays in honour of Andre Gunder Frank /

Xehetasun bibliografikoak
Egile nagusia: Chew, Sing C.
Beste egile batzuk: Denemark, Robert A.,ed
Formatua: Printed Book
Hizkuntza:English
Argitaratua: London: Sage publications, 1996.
Gaiak:
LEADER 00665 a2200157 4500
008 100208b ||||| |||| 00| 0 eng d
082 |a 338.91091724 
100 |a Chew, Sing C. 
245 |a The underdevelopment of development :   |b essays in honour of Andre Gunder Frank / 
260 |b Sage publications,  |a London:  |c 1996. 
650 |a Frank, Andre Gunder, 1929-2005 
650 |a Economic assistance--Foreign countries 
700 |a Denemark, Robert A.,ed.  
942 |c BK 
999 |c 316494  |d 316494 
952 |0 0  |1 0  |2 ddc  |4 0  |6 338_910917240000000_CHE_UN  |7 0  |9 362600  |a ECN  |b ECN  |c GEN  |d 2010-09-07  |g 0.00  |i 7004  |l 1  |o 338.91091724 CHE/UN  |p ECN7004  |r 2019-08-05  |s 2019-07-24  |w 2010-09-07  |y BK